| Tag |
First Indicator |
Second Indicator |
Subfields |
| LEADER |
00000nam a2200000 4500 |
| 001 |
in00004188721 |
| 005 |
20200806083828.0 |
| 006 |
m g d |
| 007 |
cr bn |||a|bb| |
| 008 |
901012s1626 enk o 00 eng d |
| 035 |
|
|
|a (UnM)99891235
|
| 037 |
|
|
|a CL2105000002
|b ProQuest Information and Learning. 300 N. Zeeb Rd., Ann Arbor, MI 48106
|
| 040 |
|
|
|a Cu-RivES
|c Cu-RivES
|d CStRLIN
|d Cu-RivES
|e dcrb
|
| 100 |
1 |
|
|a Featley, Daniel,
|d 1582-1645.
|
| 245 |
1 |
0 |
|a Pelagius redivivus. Or Pelagius raked out of the ashes by Arminius and his schollers..
|
| 246 |
3 |
0 |
|a Pelagius raked out of the ashes by Arminius and his schollers
|
| 260 |
|
|
|a London, :
|b printed for Robert Mylbourne,
|c 1626.
|
| 300 |
|
|
|a 1 online resource ([1]+ leaves.
|
| 336 |
|
|
|a text
|b txt
|2 rdacontent
|
| 337 |
|
|
|a computer
|b c
|2 rdamedia
|
| 338 |
|
|
|a online resource
|b cr
|2 rdacarrier
|
| 500 |
|
|
|a Anonymous. By Daniel Featley. Cf. STC.
|
| 500 |
|
|
|a A reissue, with cancel title page, of "A parallel: of new-old Pelagiarminian error", a translation of: Parallelismus nov-antiqui erroris Pelagiarminiani. Cf. STC.
|
| 500 |
|
|
|a Printer's device (McK. 356) on t.p.
|
| 500 |
|
|
|a Imperfect: fragment, t.p. only; line border lacking.
|
| 500 |
|
|
|a Reproduction of original in the British Library.
|
| 510 |
4 |
|
|a STC (2nd edition)
|c 10736.
|
| 510 |
4 |
|
|a Early English books tract supplement interim guide
|c Harl.5927
|
| 533 |
|
|
|a Electronic reproduction.
|b Ann Arbor, Mich. :
|c UMI,
|d 1999-
|f (Early English books online)
|n Digital version of: (Early English books, Tract supplement ; E4:1[213c])
|7 s1999 miun s
|
| 655 |
|
0 |
|a Title pages
|z England
|y 17th century.
|
| 655 |
|
0 |
|a Printers' marks
|z England
|y 17th century.
|
| 600 |
1 |
0 |
|a Montagu, Richard,
|d 1577-1641
|v Early works to 1800.
|
| 650 |
|
0 |
|a Pelagianism
|v Controversial literature
|v Early works to 1800.
|
| 650 |
|
0 |
|a Arminianism
|v Controversial literature
|v Early works to 1800.
|
| 730 |
0 |
2 |
|a Parallelismus nov-antiqui erroris Pelagiarminiani.
|l English.
|
| 830 |
|
0 |
|a Early English books online.
|
| 856 |
4 |
0 |
|u http://proxy.library.tamu.edu/login?url=https://search.proquest.com/docview/2240914148
|z Connect to the full text of this electronic book
|t 0
|
| 999 |
f |
f |
|s 4af57ba7-cc1c-35a6-954d-bf4bcdf5691c
|i 58e6cc49-c10d-3dfb-87c1-bd745a7ba9d7
|t 0
|
| 952 |
f |
f |
|a Texas A&M University
|b College Station
|c Electronic Resources
|d Available Online
|t 0
|h No information provided
|
| 998 |
f |
f |
|t 0
|l Available Online
|